Statistics for Bitcoin Quiz 💰

Click here to take the quiz!

General Stats

  • This quiz has been taken 102 times
    (17 since last reset)
  • The average score is 12 of 19

Answer Stats

HintAnswer% Correct
Technology that Bitcoin uses for its public distributed ledger{blockchain}
100%
Year it was first used2009
94%
Bitcoin's 3-letter ticker symbolBTC
94%
Bitcoin is the first decentralized variety of this money.cryptocurrency
88%
2021: First nation to adopt it as legal tenderEl Salvador
75%
Verb: To use a computer to validate transactions in exchange for a reward{mine}
75%
The paper in which they outlined the concept{white} paper
75%
There are 100,000,000 of this subunit in one bitcoin.satoshi
69%
The world's largest bitcoin exchange (by trading volume)Binance
63%
The pseudonym of the creator(s) of BitcoinSatoshi Nakamoto
63%
Laszlo Hanyecz bought two of these for â‚¿10,000 in the first known transaction.pizza
56%
How many Bitcoins there can ever be (supply limit)21,000,000
50%
4-letter slang which means to keep and not sell one's bitcoins{HODL}
44%
2024: 11 of these began trading on American stock exchanges.spot {ETF}s
44%
The largest bitcoin exchange (by trading volume) in the USCoinbase
38%
"Layer 2" payment protocol intended to enable fast transactions{Lightning} Network
38%
Michael Saylor's company that owns over 189,000 BitcoinMicrostrategy
38%
Form of cryptographic proof it is based onproof-of-{work}
38%
2022: Second nation to adopt it as legal tenderCentral African Republic
19%

Score Distribution

Percentile by Number Answered

Percent of People with Each Score

Your Score History

You have not taken this quiz since the last reset